Everyman's encyclopaedia / (رقم التسجيلة. 105094)

تفاصيل مارك
000 -LEADER
fixed length control field 00800cam a2200265 a 4500
008 - FIXED-LENGTH DATA ELEMENTS--GENERAL INFORMATION
fixed length control field 790719s19xx9999enka e 000 0 eng
010 ## - LIBRARY OF CONGRESS CONTROL NUMBER
LC control number 79308928
020 ## - INTERNATIONAL STANDARD BOOK NUMBER
International Standard Book Number 0460040987 :
Terms of availability {u2122}œ15.00
040 ## - CATALOGING SOURCE
Original cataloging agency DLC
Transcribing agency DLC
Modifying agency DLC
050 00 - LIBRARY OF CONGRESS CALL NUMBER
Classification number AE5
Item number .E85
092 04 - LOCALLY ASSIGNED DEWEY CALL NUMBER (OCLC)
Classification number 032
Item number E936 1978 Ref.
Edition number 21
099 ## - LOCAL FREE-TEXT CALL NUMBER (OCLC)
Classification number 04
-- 032 E936 1978 Ref.
245 00 - TITLE STATEMENT
Title Everyman's encyclopaedia /
Statement of responsibility, etc. edited by D. A. Girling.
250 ## - EDITION STATEMENT
Edition statement 6th ed.
260 ## - PUBLICATION, DISTRIBUTION, ETC.
Place of publication, distribution, etc. London :
Name of publisher, distributor, etc. Dent;
Date of publication, distribution, etc. 1978.
300 ## - PHYSICAL DESCRIPTION
Extent 12 v. :
Other physical details ill. ;
Dimensions 26 cm.
500 ## - GENERAL NOTE
General note First ed. published in 1913-1914 under title: The Everyman encyclopaedia.
590 ## - LOCAL NOTE (RLIN)
Local note Library Have v.5 only
650 #0 - SUBJECT ADDED ENTRY--TOPICAL TERM
Topical term or geographic name entry element Encyclopedias and dictionaries.
700 1# - ADDED ENTRY--PERSONAL NAME
Personal name Girling, D. A.
902 ## - LOCAL DATA ELEMENT B, LDB (RLIN)
No. of Items 1
905 ## - LOCAL DATA ELEMENT E, LDE (RLIN)
Cataloger Ibrahim
Reviser Rev.
905 ## - LOCAL DATA ELEMENT E, LDE (RLIN)
Cataloger Jamal
Reviser Cat.
942 ## - ADDED ENTRY ELEMENTS (KOHA)
Source of classification or shelving scheme Dewey Decimal Classification
Koha item type Reference
المقتنيات
Source of classification or shelving scheme Not for loan Home library Current library Date acquired Full call number Barcode Date last seen Copy number Koha item type
Dewey Decimal Classification   المكتبة المركزبة الجديدة - جامعة القاهرة قاعة المراجع - الدور الثاني 11.02.2024 032. E936 1978 v.5 Ref. 01000110071544005 23.09.2023 C.1 Reference
Cairo University Libraries Portal Implemented & Customized by: Eng. M. Mohamady Contacts: new-lib@cl.cu.edu.eg | cnul@cl.cu.edu.eg
CUCL logo CNUL logo
© All rights reserved — Cairo University Libraries
CUCL logo
Implemented & Customized by: Eng. M. Mohamady Contact: new-lib@cl.cu.edu.eg © All rights reserved — New Central Library
CNUL logo
Implemented & Customized by: Eng. M. Mohamady Contact: cnul@cl.cu.edu.eg © All rights reserved — Cairo National University Library